| 000 | 00386 a2200121 4500 | ||
|---|---|---|---|
| 020 | _a0632055138 | ||
| 082 | _a624.068 HAR | ||
| 100 | _aHarris, Frank, | ||
| 245 |
_aModern construction management / _cFrank Harris and Ronald McCaffer. |
||
| 250 | _a5th ed. | ||
| 260 |
_aOxford, UK ; _aMalden, MA : _bBlackwell Science, _cc2001 |
||
| 300 |
_aix, 588 p. : _bill. ; _c25 cm. |
||
| 650 |
_aConstruction industry _xManagement. |
||
| 999 |
_c2291 _d2291 |
||